| 000 | 00641nam a2200217 a 4500 | ||
|---|---|---|---|
| 001 | 12289 | ||
| 003 | CO-ViMGA | ||
| 008 | 141112s2004 ck r 000 u spa d | ||
| 020 | _a9701012046 | ||
| 040 |
_aCO-ViMGA _bspa _cCO-ViMGA |
||
| 082 | 0 | 4 | _a658.4 R154e |
| 100 | 1 |
_aRamirez Padilla, David Noel _947641 |
|
| 245 | 1 | 0 | _aEmpresas competitivas, una estrategia de cambio para el exito |
| 260 |
_aMexico, _cMcGraw Hill, _c1998 |
||
| 300 | _aXVI, 280 p. | ||
| 650 | 1 | 4 |
_aCOMPETITIVIDAD - ADMINISTRACION DE EMPRESAS _917522 |
| 650 | 1 | 4 | _aLIDERAZGO |
| 650 | 1 | 4 |
_aPLANEACION ESTRATEGICA _95752 |
| 650 | 1 | 4 | _aTRABAJO EN EQUIPO |
| 942 |
_2ddc _cBK |
||
| 999 |
_c23301 _d23301 |
||